000 00405nam a22001457a 4500
003 OSt
008 250503b |||||||| |||| 00| 0 eng d
082 _a581.2
_bV30V
100 _aVarma, Anupam
245 _aVistas in Plant Pathology
260 _aNew Delhi :
_bMalhotra Publishing House;
_c1986.
300 _a593 p.
650 _aBotanical sciences | Pure Sciences | Plant pathology
942 _2ddc
_cBK
999 _c47939
_d47939